| 000 | 01386nam a2200349Ia 4500 | ||
|---|---|---|---|
| 001 | ebr10369550 | ||
| 003 | CaPaEBR | ||
| 006 | m u | ||
| 007 | cr cn||||||||| | ||
| 008 | 080415s2008 enk sb 001 0 eng d | ||
| 020 | _z9781846311185 | ||
| 040 |
_aCaPaEBR _cCaPaEBR |
||
| 035 | _a(OCoLC)648376729 | ||
| 050 | 1 | 4 |
_aBF697 _b.I35 2008eb |
| 245 | 0 | 0 |
_aIdentity, belonging and migration _h[electronic resource] / _cedited by Gerard Delanty, Ruth Wodak and Paul Jones. |
| 260 |
_aLiverpool : _bLiverpool University Press, _c2008. |
||
| 300 | _axii, 329 p. | ||
| 490 | 1 |
_aStudies in social and political thought ; _v17 |
|
| 504 | _aIncludes bibliographical references and index. | ||
| 533 |
_aElectronic reproduction. _bPalo Alto, Calif. : _cebrary, _d2011. _nAvailable via World Wide Web. _nAccess may be limited to ebrary affiliated libraries. |
||
| 650 | 0 | _aIdentity (Psychology) | |
| 650 | 0 |
_aMigration, Internal _zEurope. |
|
| 650 | 0 |
_aRacism _zEurope. |
|
| 651 | 0 |
_aEurope _xEthnic relations. |
|
| 655 | 7 |
_aElectronic books. _2local |
|
| 700 | 1 | _aDelanty, Gerard. | |
| 700 | 1 |
_aWodak, Ruth, _d1950- |
|
| 700 | 1 |
_aJones, Paul, _d1976- |
|
| 710 | 2 | _aebrary, Inc. | |
| 830 | 0 |
_aStudies in social and political thought ; _v17. |
|
| 856 | 4 | 0 |
_uhttp://site.ebrary.com/lib/rucke/Doc?id=10369550 _zAn electronic book accessible through the World Wide Web; click to view |
| 999 |
_c213833 _d213833 |
||